Foreign assets and liabilities of the United States and its balance of international transactions
Guardado en:
| Formato: | Libro |
|---|---|
| Lenguaje: | Undetermined |
| Publicado: |
Washington
1947
|
| Materias: | |
| Etiquetas: |
Agregar Etiqueta
Sin Etiquetas, Sea el primero en etiquetar este registro!
|
| Thư viện lưu trữ: | Trung tâm Học liệu Trường Đại học Cần Thơ |
|---|
| LEADER | 00493nam a2200157Ia 4500 | ||
|---|---|---|---|
| 001 | CTU_82235 | ||
| 008 | 210402s9999 xx 000 0 und d | ||
| 082 | |a 332.7 | ||
| 082 | |b F714 | ||
| 245 | 0 | |a Foreign assets and liabilities of the United States and its balance of international transactions | |
| 260 | |a Washington | ||
| 260 | |c 1947 | ||
| 650 | |a Investments, american,Loans | ||
| 650 | |z United states | ||
| 904 | |i Trọng Hải | ||
| 980 | |a Trung tâm Học liệu Trường Đại học Cần Thơ | ||